| 000 | 00847nam a22002057a 4500 | ||
|---|---|---|---|
| 999 |
_c15812 _d15812 |
||
| 003 | AR-CdUCM | ||
| 008 | 190430b ||||| |||| 00| 0 spa d | ||
| 040 |
_aMUNICIPALIDAD PROVINCIAL DEL CUSCO _cBIBLIOTECA MUNICIPAL DEL CUSCO |
||
| 082 |
_a634 / _bR22 / 1945 |
||
| 100 |
_aRaña, Eduardo S. _935005 |
||
| 245 |
_aArboricultura practica : _bel vivero / |
||
| 260 |
_aBuenos Aires : _bSuelo Argentino, _c1945. |
||
| 300 |
_a2 tomos ; _c15 cm. |
||
| 440 |
_aColección el Campo _n26 _935006 |
||
| 505 | _at.1: clasificación de los frutales por la naturaleza de sus frutos -- Clasificación de los arboles arbustos arbolillos forestales y ornamentales -- t.2: Arboricultura, Arbolito o arbolillo, Arbusto, importancia de la Arboricultura... | ||
| 650 |
_avivero. _935007 |
||
| 650 |
_aarboricultura. _919915 |
||
| 942 |
_2ddc _cLIBROS |
||
| 945 | _awfj | ||